1970's Glam Rock - Statistics

General Stats
  • This quiz has been taken 231 times
  • The average score is 10 of 20
Answer Stats
Song Title Answer % Correct
Starman David Bowie
92%
Schools Out Alice Cooper
91%
Metal Guru T.Rex
75%
Rock and Roll Part Two Gary Glitter
74%
Little Willy Sweet
68%
My Friend Stan Slade
62%
I Wish It Could Be Christmas Every Day Wizzard
59%
48 Crash Suzi Quatro
56%
Shang a Lang Bay City Rollers
55%
Sugar Baby Love Rubettes
55%
Do The Strand Roxy Music
50%
My Jealous Mind Alvin Stardust
45%
Magic Pilot
41%
Angel Face Glitter Band
40%
Glass Of Champagne Sailor
40%
Hey Rock'n'Roll Showaddywaddy
33%
Forever and Ever (1975) Slik
28%
Fancy Pants Kenny
23%
Looks Looks Looks Sparks
21%
Imagine Me, Imagine You Fox
12%
No matching quizzes found
Score Distribution
Percent of People with Each Score
Percentile by Number Answered
Your Score History
You have not taken this quiz